Análisis de las situación alimentaria-nutricional en Costa Rica
שמור ב:
| מחבר ראשי: | |
|---|---|
| פורמט: | לא ידוע |
| יצא לאור: |
Heredia :
|
| נושאים: | |
| תגים: |
הוספת תג
אין תגיות, היה/י הראשונ/ה לתייג את הרשומה!
|
MARC
| LEADER | 00000 a2200000 04500 | ||
|---|---|---|---|
| 001 | 15194 | ||
| 003 | |||
| 008 | 991231s d | ||
| 040 | |||
| 090 | |a 174608 | ||
| 100 | |a Sáenz J, Lenin | ||
| 245 | |a Análisis de las situación alimentaria-nutricional en Costa Rica | ||
| 260 | |a Heredia : | ||
| 650 | |a NUTRICION HUMANA | ||
| 650 | |a REGIMEN ALIMENTARIO | ||
| 999 | |c 6257 |d 6257 | ||
